Projektovanie montážnych pracovísk

Projektovanie montážnych procesov s využitím progresívnych prístupov a technológií. Montáž ako dôležitá časť výrobného systému, metódy a prístupy montážnych pracovísk. Zhodnotenie projektu.

Salvato in:
Dettagli Bibliografici
Autore principale: Furmannová, Beáta
Natura: Capitolo di libro
Lingua:slovacco
Soggetti:
Tags: Aggiungi Tag
Nessun Tag, puoi essere il primo ad aggiungerne!!

MARC

LEADER 00000naa a2200000 4500
001 0148990
005 20231129133930.0
041 0 |a slo 
044 |a SK 
245 1 0 |a Projektovanie montážnych pracovísk  |c Beáta Furmannová 
520 |a Projektovanie montážnych procesov s využitím progresívnych prístupov a technológií. Montáž ako dôležitá časť výrobného systému, metódy a prístupy montážnych pracovísk. Zhodnotenie projektu. 
610 2 0 |a projektovanie 
610 2 0 |a projekty technické 
610 2 0 |a inžinierstvo priemyselné 
610 2 0 |a systémy výrobné 
610 2 0 |a montáže 
610 2 0 |a simulácia 
100 1 |a Furmannová, Beáta